FIFA U-17 Women's World Cup Top 4 - Statistics

General Stats
  • This quiz has been taken 125 times
    13 since last reset
  • The average score is 15 of 18
Answer Stats
Answer % Correct
Brazil
100%
England
100%
Japan
100%
United States
100%
Colombia
92%
France
92%
Mexico
92%
South Korea
92%
Spain
92%
Canada
85%
Germany
85%
Italy
85%
Netherlands
85%
North Korea
85%
Nigeria
77%
Ghana
69%
New Zealand
62%
Venezuela
54%
No matching quizzes found
Score Distribution
Percent of People with Each Score
Percentile by Number Answered
Your Score History
You have not taken this quiz since the last reset